The gentlemen are winning the peace (Record no. 6002)
[ view plain ]
| 000 -CABECERA | |
|---|---|
| campo de control de longitud fija | 00869nam a2200241 a 4500 |
| 001 - NÚMERO DE CONTROL | |
| campo de control | BRCA_6316 |
| 005 - FECHA Y HORA DE LA ÚLTIMA TRANSACCIÓN | |
| campo de control | 20190320205418.0 |
| 008 - DATOS DE LONGITUD FIJA--INFORMACIÓN GENERAL | |
| campo de control de longitud fija | 080811s1945----nyu#######---#000-0#eng-# |
| 041 ## - CÓDIGO DE LENGUA | |
| Código de lengua del texto/banda sonora o título independiente | eng |
| 044 ## - CÓDIGO DEL PAÍS DE LA ENTIDAD EDITORA/PRODUCTORA | |
| Código MARC del país | nyu |
| 050 #4 - SIGNATURA TOPOGRÁFICA DE LA BIBLIOTECA DEL CONGRESO | |
| Número de clasificación | D815 |
| Número de documento/Ítem | .Z52 W3 |
| -- | 1945 |
| 100 1# - ENTRADA PRINCIPAL--NOMBRE DE PERSONA | |
| Nombre de persona | Walton, Daniel Day |
| Fechas asociadas al nombre | 1880- |
| 9 (RLIN) | 15845 |
| 245 10 - MENCIÓN DE TÍTULO | |
| Título | The gentlemen are winning the peace |
| Resto del título | letters exchanged with William B. Ziff concerning his book ´The gentlemen talk of peace´ |
| Mención de responsabilidad, etc. | Daniel Day Walton. |
| 260 ## - PUBLICACIÓN, DISTRIBUCIÓN, ETC. | |
| Lugar de publicación, distribución, etc. | Nueva York |
| Nombre del editor, distribuidor, etc. | Willian Frederick |
| Fecha de publicación, distribución, etc. | 1945 |
| 300 ## - DESCRIPCIÓN FÍSICA | |
| Extensión | 92 p. |
| Dimensiones | 21 cm. |
| 500 ## - NOTA GENERAL | |
| Nota general | Con dedicatoria del autor a Franz Mayer |
| 500 ## - NOTA GENERAL | |
| Nota general | K177 |
| 600 14 - PUNTO DE ACCESO ADICIONAL DE MATERIA--NOMBRE DE PERSONA | |
| Nombre de persona | Ziff, William B |
| Fechas asociadas al nombre | 1898-1953 |
| Forma completa/desarrollada del nombre | (William Bernard) |
| Título de la obra | Gentlemen talk of peace |
| 9 (RLIN) | 15846 |
| 700 1# - PUNTO DE ACCESO ADICIONAL--NOMBRE DE PERSONA | |
| Nombre de persona | Ziff, William B. |
| Forma completa/desarrollada del nombre | (William Bernard) |
| Fecha de publicación/de la obra | 1898-1953. |
| 9 (RLIN) | 15847 |
| 700 1# - PUNTO DE ACCESO ADICIONAL--NOMBRE DE PERSONA | |
| Nombre de persona | Jackson, Robert Houghwout |
| Fecha de publicación/de la obra | 1892- |
| 9 (RLIN) | 15848 |
| 902 ## - CATALOGADOR | |
| Iniciales | GFM |
| 942 ## - ELEMENTOS DE PUNTO DE ACCESO ADICIONAL (KOHA) | |
| Fuente del sistema de clasificación o colocación | Library of Congress Classification |
| Tipo de ítem Koha | Libros |
| Estado de retiro | Estado de pérdida | Estado dañado | No para préstamo | Localización permanente | Ubicación/localización actual | Fecha de adquisición | Número de inventario | Total de préstamos | Signatura topográfica completa | Código de barras | Fecha visto por última vez | Precio válido a partir de | Tipo de ítem Koha |
|---|---|---|---|---|---|---|---|---|---|---|---|---|---|
| El ejemplar forma parte de la colección y puede ser consultado según las políticas vigentes. | Biblioteca del Museo Franz Mayer (Rogerio Casas-Alatriste) | Biblioteca del Museo Franz Mayer (Rogerio Casas-Alatriste) | 08/08/2011 | K177 | D815 .Z52 W3 1945 (K177) | 6755 | 22/03/2019 | 22/03/2019 | Libros |